| 000 | 00414cam a2200157 a 4500 | ||
|---|---|---|---|
| 020 | _a007011207X (acidfree paper) | ||
| 040 | _cDLC | ||
| 082 | 0 | 0 | _a540 MCG 1996 A026 Or. |
| 100 | 1 | _aChang, Raymond. | |
| 245 | 1 | 0 | _aEssential chemistry / |
| 260 |
_aNew York : _bMcGraw-Hill, _cc1996. |
||
| 300 |
_axxvii, 719 p. : _bill. (some col.) ; _c26 cm. |
||
| 500 | _aIncludes index. | ||
| 650 | 0 | _aChemistry. | |
| 942 | _cEK | ||
| 999 |
_c13268 _d13268 |
||